[Event "POL-ch Rapid"]
[Site "Lublin"]
[Date "2024.10.05"]
[Round "4"]
[White "Cyborowski, Lukasz"]
[Black "Lukasiewicz, Krzysztof"]
[Result "1-0"]
[WhiteElo "2454"]
[BlackElo "2322"]
[PlyCount "96"]
[EventDate "2024.10.05"]
[EventType "swiss (rapid)"]
[EventRounds "9"]
[EventCountry "POL"]
[SourceTitle "CB45_2024"]
[Source "ChessBase"]
[SourceDate "2024.11.06"]
[SourceVersion "1"]
[SourceVersionDate "2024.11.06"]
[SourceQuality "1"]

1. c4 e5 2. Nc3 Nf6 3. Nf3 Nc6 4. e3 Bb4 5. Qc2 Bxc3 6. Qxc3 Qe7 7. d4 Ne4 8. Qd3 exd4 9. Nxd4 Nxd4 10. Qxd4 Qb4+ 11. Ke2 Nf6 12. Qe5+ Kd8 13. b3 Re8 14. Qd4 d5 15. Bd2 Qd6 16. c5 Qe7 17. f3 b6 18. Rc1 Qe6 19. Kf2 Nd7 20. Qxg7 Nxc5 21. Qxh7 Bb7 22. Qh4+ f6 23. Qf4 a5 24. h4 Kd7 25. Bc3 Rf8 26. Bd4 Qd6 27. Qxd6+ Kxd6 28. h5 Ne6 29. Bb2 c5 30. Bd3 a4 31. Bb1 axb3 32. axb3 d4 33. Rcd1 Bd5 34. exd4 cxd4 35. Bxd4 Bxb3 36. Rd2 Nxd4 37. Rxd4+ Kc5 38. Rf4 b5 39. h6 Rad8 40. g4 Bc4 41. h7 b4 42. Rc1 Rd4 43. Rxf6 Re8 44. Rh6 Rh8 45. g5 b3 46. g6 Rd2+ 47. Kg3 b2 48. Rxc4+ Kd5 1-0

[Event "POL-chT 1st League"]
[Site "Darlowo"]
[Date "2024.09.16"]
[Round "3.3"]
[White "Szustakowski, Antoni"]
[Black "Lukasiewicz, Krzysztof"]
[Result "1/2-1/2"]
[WhiteElo "2343"]
[BlackElo "2281"]
[PlyCount "51"]
[EventDate "2024.09.14"]
[EventType "team-swiss"]
[EventRounds "9"]
[EventCountry "POL"]
[SourceTitle "EXT 2025"]
[Source "ChessBase"]
[SourceDate "2024.10.14"]
[SourceVersion "1"]
[SourceVersionDate "2024.10.14"]
[SourceQuality "1"]

1. Nf3 d5 2. c4 e6 3. g3 Nf6 4. Bg2 a6 5. b3 dxc4 6. bxc4 c5 7. Bb2 Be7 8. 0-0 0-0 9. e3 b6 10. Nc3 Bb7 11. d3 Qc7 12. Qe2 Rd8 13. Rfd1 Nc6 14. Ne1 Rab8 15. f4 Na7 16. a4 Bxg2 17. Qxg2 Qb7 18. Nf3 Nc6 19. Qe2 Nb4 20. e4 Nd7 21. Rab1 Qc7 22. Ba3 Nc6 23. Rb3 Nf8 24. Rdb1 Qd7 25. Rd1 Qc7 26. Rdb1 1/2-1/2

[Event "Wroclaw op-A"]
[Site "Wroclaw"]
[Date "2024.08.09"]
[Round "3"]
[White "Lukasiewicz, Krzysztof"]
[Black "Przybylski, Bartosz1"]
[Result "1-0"]
[WhiteElo "2290"]
[BlackElo "2118"]
[PlyCount "69"]
[EventDate "2024.08.08"]
[EventType "swiss"]
[EventRounds "9"]
[EventCountry "POL"]
[SourceTitle "EXT 2025"]
[Source "ChessBase"]
[SourceDate "2024.10.14"]
[SourceVersion "1"]
[SourceVersionDate "2024.10.14"]
[SourceQuality "1"]

1. d4 Nf6 2. Nf3 g6 3. c3 Bg7 4. Bg5 d5 5. e3 0-0 6. Bd3 c5 7. Nbd2 Nc6 8. dxc5 e5 9. e4 h6 10. Bxf6 Bxf6 11. Qe2 Bg4 12. exd5 Qxd5 13. Ne4 Bg7 14. 0-0 Kh8 15. Bc4 Bxf3 16. gxf3 Qd8 17. Kh1 f5 18. Nd6 Qe7 19. Rad1 Nd8 20. Rg1 Kh7 21. b4 Rb8 22. Qd3 Ne6 23. Bxe6 Qxe6 24. Qd5 Qe7 25. c4 e4 26. fxe4 fxe4 27. Qxe4 Qxe4+ 28. Nxe4 Rf4 29. Rge1 Rbf8 30. Rd3 Kh8 31. h3 Re8 32. f3 a5 33. b5 Rc8 34. Kg2 Bf8 35. Rd7 1-0

[Event "POL-ch Universities"]
[Site "Lublin"]
[Date "2024.02.24"]
[Round "6"]
[White "Kulesza, Andrzej"]
[Black "Lukasiewicz, Krzysztof"]
[Result "1-0"]
[WhiteElo "2076"]
[BlackElo "2290"]
[PlyCount "47"]
[EventDate "2024.02.23"]
[EventType "swiss"]
[EventRounds "9"]
[EventCountry "POL"]
[SourceTitle "CBM 219 Extra"]
[Source "ChessBase"]
[SourceDate "2024.05.31"]
[SourceVersion "1"]
[SourceVersionDate "2024.05.31"]
[SourceQuality "1"]

1. e4 c6 2. d4 d5 3. Nd2 dxe4 4. Nxe4 Bf5 5. Ng3 Bg6 6. Nf3 Nd7 7. h4 h6 8. h5 Bh7 9. Bd3 Bxd3 10. Qxd3 e6 11. Bd2 Ngf6 12. 0-0-0 Be7 13. Kb1 0-0 14. Ne4 c5 15. Bc1 Qb6 16. Nxf6+ Nxf6 17. g4 Nxg4 18. Rdg1 f5 19. Ne5 Nxe5 20. dxe5 f4 21. Rxg7+ Kxg7 22. Qg6+ Kh8 23. Qxh6+ Kg8 24. Rg1+ 1-0

[Event "Krakow op-A 34th"]
[Site "Krakow"]
[Date "2024.01.04"]
[Round "9"]
[White "Balint, Peter1"]
[Black "Lukasiewicz, Krzysztof"]
[Result "0-1"]
[WhiteElo "2187"]
[BlackElo "2290"]
[PlyCount "72"]
[EventDate "2023.12.27"]
[EventType "swiss"]
[EventRounds "9"]
[EventCountry "POL"]
[SourceTitle "CBM 218 Extra"]
[Source "ChessBase"]
[SourceDate "2024.03.31"]
[SourceVersion "1"]
[SourceVersionDate "2024.03.31"]
[SourceQuality "1"]

1. e4 c6 2. d4 d5 3. e5 Bf5 4. h4 h5 5. c4 e6 6. Nc3 dxc4 7. Bxc4 Nd7 8. Nge2 Nb6 9. Bd3 Ne7 10. Bg5 Bxd3 11. Qxd3 Qd7 12. Rd1 Nf5 13. Ng3 Nxg3 14. Qxg3 Bb4 15. 0-0 Bxc3 16. bxc3 Qd5 17. f4 g6 18. f5 gxf5 19. Bf6 Rf8 20. Qg5 Kd7 21. Qxh5 Qxa2 22. Bg7 Rfe8 23. Qg5 Nd5 24. h5 Nxc3 25. Rde1 Qc4 26. h6 Qxd4+ 27. Kh2 Kc7 28. h7 Rh8 29. Qh5 b5 30. Rf3 Kb6 31. Ree3 Nd5 32. Rd3 Qg4 33. Qxg4 fxg4 34. Bxh8 gxf3 35. Bg7 f2 36. Rf3 Ne3 0-1

[Event "Krakow op-A 34th"]
[Site "Krakow"]
[Date "2023.12.29"]
[Round "3"]
[White "Lukasiewicz, Krzysztof"]
[Black "Gorkiewicz, Mateusz"]
[Result "1-0"]
[WhiteElo "2290"]
[BlackElo "2147"]
[PlyCount "68"]
[EventDate "2023.12.27"]
[EventType "swiss"]
[EventRounds "9"]
[EventCountry "POL"]
[SourceTitle "CBM 218 Extra"]
[Source "ChessBase"]
[SourceDate "2024.03.31"]
[SourceVersion "1"]
[SourceVersionDate "2024.03.31"]
[SourceQuality "1"]

1. d4 d5 2. Bf4 Nf6 3. e3 c5 4. Nf3 Nc6 5. Nbd2 cxd4 6. exd4 Bf5 7. c3 e6 8. Be2 Bd6 9. Bxd6 Qxd6 10. 0-0 h6 11. Re1 0-0 12. Nb3 Rab8 13. a4 Rfc8 14. h3 a6 15. Bd3 Bxd3 16. Qxd3 Ne4 17. Nfd2 Nxd2 18. Qxd2 b5 19. Nc5 a5 20. axb5 Rxb5 21. Nd3 Ne7 22. Re2 Rcb8 23. f4 Qd8 24. Qe1 Qc7 25. g4 Nc8 26. Rg2 Nd6 27. Qe5 Qd8 28. Rf1 Nc4 29. Qe1 Nxb2 30. Ne5 R8b7 31. g5 hxg5 32. fxg5 Nc4 33. g6 Nxe5 34. Qxe5 R5b6 1-0

[Event "Wroclaw Anderssen Memorial op"]
[Site "Wroclaw"]
[Date "2022.07.30"]
[Round "4"]
[White "Lukasiewicz, Krzysztof"]
[Black "Sasin, Michal"]
[Result "0-1"]
[WhiteElo "2251"]
[BlackElo "1512"]
[PlyCount "180"]
[EventDate "2022.07.30"]
[EventType "swiss (rapid)"]
[EventRounds "9"]
[EventCountry "POL"]
[SourceTitle "CBM 209 Extra"]
[Source "ChessBase"]
[SourceDate "2022.09.30"]
[SourceVersion "1"]
[SourceVersionDate "2022.09.30"]
[SourceQuality "1"]

1. d4 Nf6 2. Bf4 d5 3. e3 e6 4. Nf3 Bd6 5. Bg3 0-0 6. Nbd2 b6 7. c3 c5 8. Bd3 Ba6 9. Bc2 Nc6 10. Ne5 Qc7 11. f4 h6 12. Bf2 Na5 13. g4 Bxe5 14. dxe5 Ne4 15. Nxe4 dxe4 16. Bxe4 Rad8 17. Qc2 Nc4 18. b3 Nd2 19. Bg2 Bb7 20. Bxb7 Qxb7 21. 0-0-0 Qf3 22. Bh4 Rd7 23. Rhe1 Qxg4 24. Bf6 Nf3 25. Rxd7 Nxe1 26. Qf2 gxf6 27. Qxe1 fxe5 28. fxe5 Qf5 29. Rxa7 Kh8 30. Qh4 Qg5 31. Qxg5 hxg5 32. Rb7 Kg7 33. Rxb6 Rh8 34. a4 Rxh2 35. a5 Ra2 36. b4 g4 37. Kb1 Ra4 38. bxc5 g3 39. Rb2 Rxa5 40. Rg2 Rxc5 41. Rxg3+ Kh6 42. Kc2 Rxe5 43. Kd3 Rd5+ 44. Kc4 f5 45. Kb4 Rd3 46. Kc4 Rd5 47. Rg8 Kh7 48. Re8 Rd6 49. Kb5 Kg7 50. c4 Kf7 51. Rh8 Rd3 52. Rh3 f4 53. Rf3 e5 54. c5 Rxe3 55. Rf1 Rc3 56. c6 Kf6 57. Kb6 Kf5 58. c7 e4 59. Ra1 Rxc7 60. Kxc7 f3 61. Kd6 e3 62. Kd5 e2 63. Ra3 Kg4 64. Re3 f2 65. Rxe2 f1Q 66. Re4+ Kf5 67. Re5+ Kf6 68. Re6+ Kf7 69. Re4 Qd3+ 70. Rd4 Qb5+ 71. Kd6 Qb6+ 72. Ke5 Qf6+ 73. Ke4 Ke6 74. Rc4 Qf5+ 75. Ke3 Kd5 76. Rd4+ Kc5 77. Rf4 Qc2 78. Re4 Qc1+ 79. Kd3 Qd1+ 80. Ke3 Kd5 81. Rf4 Qb3+ 82. Kf2 Ke5 83. Rf3 Qc2+ 84. Ke3 Qc3+ 85. Kf2 Qd2+ 86. Kg3 Qg5+ 87. Kf2 Ke4 88. Rf7 Qh4+ 89. Kf1 Ke3 90. Rf8 Qh1# 0-1

[Event "Wroclaw Anderssen Memorial op"]
[Site "Wroclaw"]
[Date "2022.07.30"]
[Round "2"]
[White "Sitek, Pawel"]
[Black "Lukasiewicz, Krzysztof"]
[Result "1-0"]
[WhiteElo "1629"]
[BlackElo "2251"]
[PlyCount "79"]
[EventDate "2022.07.30"]
[EventType "swiss (rapid)"]
[EventRounds "9"]
[EventCountry "POL"]
[SourceTitle "CBM 209 Extra"]
[Source "ChessBase"]
[SourceDate "2022.09.30"]
[SourceVersion "1"]
[SourceVersionDate "2022.09.30"]
[SourceQuality "1"]

1. e4 c6 2. d4 d5 3. f3 dxe4 4. fxe4 e5 5. Nf3 exd4 6. Qxd4 Qxd4 7. Nxd4 Nd7 8. Bf4 Ngf6 9. Bd3 Bc5 10. Nb3 Be7 11. 0-0 0-0 12. N1d2 Re8 13. Rae1 Ng4 14. Nc4 Bf6 15. Nd6 Rf8 16. c3 Be5 17. Bc2 Bxf4 18. Rxf4 Nge5 19. Nd4 Ng6 20. Rf2 Nde5 21. Ref1 Rb8 22. Bb3 c5 23. Nxf7 c4 24. Nxe5 Rxf2 25. Bxc4+ Kf8 26. Nxg6+ hxg6 27. Rxf2+ Ke7 28. Rf7+ Kd6 29. Rxg7 b5 30. Bb3 Kc5 31. Rxg6 Bd7 32. Ne6+ Bxe6 33. Rxe6 Rd8 34. Re5+ Kb6 35. Rd5 Rf8 36. e5 Rf4 37. e6 Re4 38. Rd7 a5 39. Bd5 Re5 40. e7 1-0

[Event "POL-chT Academic"]
[Site "Chorzow"]
[Date "2022.04.02"]
[Round "3.19"]
[White "Kindler, Przemyslaw"]
[Black "Lukasiewicz, Krzysztof"]
[Result "0-1"]
[WhiteElo "2039"]
[BlackElo "1966"]
[PlyCount "102"]
[EventDate "2022.04.02"]
[EventType "team-swiss (rapid)"]
[EventRounds "9"]
[EventCountry "POL"]
[SourceTitle "EXT 2024"]
[Source "ChessBase"]
[SourceDate "2023.10.10"]
[SourceVersion "1"]
[SourceVersionDate "2023.10.10"]
[SourceQuality "1"]

1. e4 c6 2. d4 d5 3. Nc3 dxe4 4. Nxe4 Bf5 5. Ng3 Bg6 6. f4 e6 7. Nf3 Nd7 8. Bd3 Bd6 9. 0-0 Ne7 10. Ne5 0-0 11. Qf3 Qc7 12. c3 Rad8 13. Bxg6 hxg6 14. Ne4 Nf6 15. Ng5 c5 16. Qh3 cxd4 17. cxd4 Nf5 18. Be3 Be7 19. Rfd1 Qb6 20. Kh1 Nxe3 21. Qxe3 Nd5 22. Qf2 Bxg5 23. fxg5 Ne7 24. Rd3 Nf5 25. Rad1 Rd5 26. g4 Rxe5 27. gxf5 Rxf5 28. Qh4 Qc6+ 29. Kg1 Qd5 30. Rg3 Rc8 31. Rg2 Rc4 32. b3 Rc3 33. Qe1 Rxg5 34. Rxg5 Qxg5+ 35. Kh1 Qd5+ 36. Kg1 Rc2 37. Qg3 Rxa2 38. Rc1 Qxd4+ 39. Kh1 Qe4+ 40. Kg1 Ra5 41. Re1 Qd4+ 42. Kh1 Rh5 43. Qb8+ Kh7 44. Qxb7 Qd5+ 45. Qxd5 Rxd5 46. Ra1 Rd7 47. Kg2 g5 48. Ra4 Kg6 49. b4 Rb7 50. b5 Rxb5 51. Rxa7 f5 0-1

[Event "POL-ch Academic"]
[Site "Chorzow"]
[Date "2022.04.02"]
[Round "7"]
[White "Marczuk, Dominik"]
[Black "Lukasiewicz, Krzysztof"]
[Result "1-0"]
[WhiteElo "2092"]
[BlackElo "1966"]
[PlyCount "85"]
[EventDate "2022.04.01"]
[EventType "swiss (rapid)"]
[EventRounds "9"]
[EventCountry "POL"]
[SourceTitle "EXT 2024"]
[Source "ChessBase"]
[SourceDate "2023.10.10"]
[SourceVersion "1"]
[SourceVersionDate "2023.10.10"]
[SourceQuality "1"]

1. e4 c6 2. d4 d5 3. f3 dxe4 4. fxe4 e5 5. Nf3 exd4 6. Bc4 Nd7 7. 0-0 Ngf6 8. Kh1 Be7 9. e5 Nd5 10. Qxd4 N7b6 11. Bd3 Nb4 12. Qxd8+ Bxd8 13. Be4 0-0 14. Nc3 h6 15. a3 Na6 16. b4 Be7 17. Bd3 Nc7 18. Nd4 Re8 19. Nf5 Bf8 20. Bf4 Ncd5 21. Nxd5 Nxd5 22. Bg3 Be6 23. Nd6 Bxd6 24. exd6 Nb6 25. Rad1 Rad8 26. Rfe1 Bg4 27. Rxe8+ Rxe8 28. Rc1 Rc8 29. h3 Be6 30. c4 c5 31. Bf2 cxb4 32. Bxb6 axb6 33. axb4 Kf8 34. c5 bxc5 35. bxc5 Ke8 36. Be4 b6 37. c6 Rd8 38. c7 Rc8 39. Bc6+ Kf8 40. Bb7 Ke8 41. Bxc8 Bxc8 42. Rb1 Kd7 43. Rxb6 1-0

[Event "Bialystok Zamenhof Memorial 41st"]
[Site "Bialystok"]
[Date "2022.??.??"]
[Round "2"]
[White "Kaczmarek, Arkadiusz"]
[Black "Lukasiewicz, Krzysztof"]
[Result "1/2-1/2"]
[WhiteElo "2141"]
[BlackElo "2250"]
[PlyCount "96"]
[EventDate "2022.12.27"]
[EventType "swiss"]
[EventRounds "9"]
[EventCountry "POL"]
[SourceTitle "CBM 211 Extra"]
[Source "ChessBase"]
[SourceDate "2023.01.31"]
[SourceVersion "1"]
[SourceVersionDate "2023.01.31"]
[SourceQuality "1"]

1. d4 Nf6 2. c4 e6 3. Nf3 d5 4. Nc3 Be7 5. Bf4 0-0 6. e3 Nbd7 7. c5 c6 8. h3 b6 9. b4 a5 10. a3 Ba6 11. Bxa6 Rxa6 12. b5 cxb5 13. c6 Qc8 14. c7 b4 15. Nb5 bxa3 16. 0-0 Ne4 17. Qa4 Re8 18. Rfc1 Bf8 19. Rc2 Ra8 20. Ne1 e5 21. Bh2 Nd6 22. Nxa3 Ra7 23. Rac1 Rb7 24. Qc6 b5 25. Qxd5 Nb6 26. Qc6 Nbc4 27. Nxc4 Nxc4 28. Bxe5 Rb6 29. Qd5 Nxe5 30. dxe5 a4 31. Rc6 Rb7 32. Nd3 b4 33. Nf4 b3 34. e6 Re7 35. exf7+ Rxf7 36. Qd8 Rbxc7 37. Qxc8 Rxc8 38. Rxc8 b2 39. Rb1 a3 40. Ra8 Rc7 41. Ne2 Rc2 42. Kf1 Kf7 43. Ra4 Bc5 44. Ke1 Bb4+ 45. Kf1 Bc5 46. Ke1 Bb4+ 47. Kd1 Rd2+ 48. Ke1 Rc2+ 1/2-1/2

[Event "Bialystok Zamenhof Memorial 41st"]
[Site "Bialystok"]
[Date "2022.??.??"]
[Round "4"]
[White "Zalega, Maciej"]
[Black "Lukasiewicz, Krzysztof"]
[Result "0-1"]
[WhiteElo "2116"]
[BlackElo "2250"]
[PlyCount "114"]
[EventDate "2022.12.27"]
[EventType "swiss"]
[EventRounds "9"]
[EventCountry "POL"]
[SourceTitle "CBM 211 Extra"]
[Source "ChessBase"]
[SourceDate "2023.01.31"]
[SourceVersion "1"]
[SourceVersionDate "2023.01.31"]
[SourceQuality "1"]

1. e4 c6 2. d4 d5 3. f3 dxe4 4. fxe4 e5 5. Nf3 Nd7 6. Bc4 Bd6 7. Ng5 Nh6 8. 0-0 0-0 9. c3 b5 10. Bb3 c5 11. Bd5 Rb8 12. Nh3 Nb6 13. Bxh6 Nxd5 14. Bg5 f6 15. dxe5 Bxe5 16. exd5 fxg5 17. Rxf8+ Kxf8 18. Qd3 Kg8 19. Nd2 Bb7 20. Nf3 Bf6 21. Nf2 Bxd5 22. Ng4 Be6 23. Nxf6+ gxf6 24. Qe3 Qd5 25. h4 h6 26. hxg5 hxg5 27. Qe2 Qc6 28. Rd1 Re8 29. Qc2 Kg7 30. Rd2 a6 31. Rf2 Qd6 32. Qc1 Bf7 33. Nh2 Rh8 34. Nf1 Bc4 35. Rd2 Qe6 36. Qd1 Re8 37. Rd6 Qe1 38. Rd7+ Kg6 39. Qc2+ Re4 40. Rd1 Qe2 41. Qc1 Rf4 42. Qb1+ Kh6 43. Nh2 Bxa2 44. Qc1 Qf2+ 45. Kh1 Rh4 46. Rd3 Qf4 47. Qg1 Bc4 48. Rd8 Kg7 49. Rd7+ Kg8 50. Rd8+ Kf7 51. Rd7+ Ke6 52. Rd8 Bd5 53. Qe1+ Be4 54. Qg1 g4 55. Re8+ Kf7 56. Rxe4 Qxe4 57. Qd1 g3 0-1

[Event "POL-chT 1st League"]
[Site "Szklarska Poreba"]
[Date "2021.09.10"]
[Round "7.6"]
[White "Tomaszewski, Kacper"]
[Black "Lukasiewicz, Krzysztof"]
[Result "1-0"]
[WhiteElo "2302"]
[BlackElo "2290"]
[PlyCount "55"]
[EventDate "2021.09.04"]
[EventType "team-swiss"]
[EventRounds "9"]
[EventCountry "POL"]
[SourceTitle "CBM 204 Extra"]
[Source "ChessBase"]
[SourceDate "2021.11.30"]
[SourceVersion "1"]
[SourceVersionDate "2021.11.30"]
[SourceQuality "1"]
[WhiteTeam "Rybnik"]
[BlackTeam "Stara Wies Parnas"]
[WhiteTeamCountry "POL"]
[BlackTeamCountry "POL"]

1. d4 Nf6 2. c4 e6 3. Bf4 d5 4. Nc3 Be7 5. e3 0-0 6. a3 c5 7. dxc5 Bxc5 8. Nf3 Re8 9. Bg5 Be7 10. Qc2 Nc6 11. 0-0-0 Qb6 12. Bxf6 Bxf6 13. cxd5 Bxc3 14. Qxc3 exd5 15. Rxd5 Be6 16. Rb5 Qd8 17. Be2 Rc8 18. Kb1 b6 19. Ng5 a6 20. Nxe6 Rxe6 21. Rh5 Nd4 22. Rd5 Nxe2 23. Rxd8+ Rxd8 24. Qc2 Nf4 25. exf4 Red6 26. Re1 g6 27. Qc3 Rd2 28. Re8+ 1-0

[Event "POL-chT 1st League"]
[Site "Szklarska Poreba"]
[Date "2021.09.05"]
[Round "2.3"]
[White "Galuszka, Tomasz"]
[Black "Lukasiewicz, Krzysztof"]
[Result "1/2-1/2"]
[WhiteElo "2212"]
[BlackElo "2290"]
[PlyCount "80"]
[EventDate "2021.09.04"]
[EventType "team-swiss"]
[EventRounds "9"]
[EventCountry "POL"]
[SourceTitle "CBM 204 Extra"]
[Source "ChessBase"]
[SourceDate "2021.11.30"]
[SourceVersion "1"]
[SourceVersionDate "2021.11.30"]
[SourceQuality "1"]
[WhiteTeam "Jastrzebie Zdroj Pionier"]
[BlackTeam "Stara Wies Parnas"]
[WhiteTeamCountry "POL"]
[BlackTeamCountry "POL"]

1. Nf3 d5 2. g3 Nf6 3. Bg2 Bf5 4. 0-0 c6 5. d3 h6 6. Nbd2 e6 7. b3 Bh7 8. Bb2 Nbd7 9. Qe1 Bc5 10. e4 0-0 11. e5 Ne8 12. Qe2 a5 13. a3 b5 14. Rfc1 Be7 15. Ne1 b4 16. f4 Nc7 17. a4 c5 18. c4 bxc3 19. Bxc3 Na6 20. Nc2 Qb6 21. Kh1 Nb4 22. Nxb4 cxb4 23. Bb2 Bc5 24. Nf3 Qa6 25. Bf1 Rfc8 26. d4 Qxe2 27. Bxe2 Bb6 28. Ne1 Nf8 29. Bd3 Bxd3 30. Nxd3 Ng6 31. Rxc8+ Rxc8 32. Rc1 Rxc1+ 33. Nxc1 Ne7 34. Ne2 Nf5 35. Kg1 Ne3 36. Bc1 Nc2 37. Bb2 Ne3 38. Bc1 Nc2 39. Bb2 Ne3 40. Bc1 Nc2 1/2-1/2

[Event "POL Cup op blitz"]
[Site "Lodz"]
[Date "2021.08.08"]
[Round "10"]
[White "Kosakowski, Jakub"]
[Black "Lukasiewicz, Krzysztof"]
[Result "1-0"]
[WhiteElo "2429"]
[BlackElo "2318"]
[PlyCount "65"]
[EventDate "2021.08.08"]
[EventType "swiss (blitz)"]
[EventRounds "13"]
[EventCountry "POL"]
[SourceTitle "CBM 203 Extra"]
[Source "ChessBase"]
[SourceDate "2021.09.30"]
[SourceVersion "1"]
[SourceVersionDate "2021.09.30"]
[SourceQuality "1"]

1. e4 e5 2. Nf3 Nc6 3. Bb5 Nge7 4. 0-0 g6 5. c3 a6 6. Ba4 Bg7 7. d4 exd4 8. cxd4 0-0 9. d5 Na5 10. Nc3 d6 11. h3 b5 12. Bc2 Bb7 13. Re1 c6 14. dxc6 Nexc6 15. Bg5 Qb8 16. Qc1 Rc8 17. Qf4 Nc4 18. Nd5 Bxb2 19. Rad1 Bg7 20. Nf6+ Kh8 21. Qh4 h5 22. Nxh5 gxh5 23. Qxh5+ Kg8 24. Bh6 f6 25. Bxg7 Kxg7 26. Nh4 Ne7 27. Rd3 d5 28. Rg3+ Qxg3 29. fxg3 Rh8 30. Qg4+ Kf7 31. exd5 Ne5 32. Qe6+ Ke8 33. d6 1-0

[Event "POL Cup op rapid"]
[Site "Lodz"]
[Date "2021.08.07"]
[Round "7"]
[White "Wojdak, Jan"]
[Black "Lukasiewicz, Krzysztof"]
[Result "0-1"]
[WhiteElo "2201"]
[BlackElo "2318"]
[PlyCount "106"]
[EventDate "2021.08.07"]
[EventType "swiss (rapid)"]
[EventRounds "9"]
[EventCountry "POL"]
[SourceTitle "CBM 203 Extra"]
[Source "ChessBase"]
[SourceDate "2021.09.30"]
[SourceVersion "1"]
[SourceVersionDate "2021.09.30"]
[SourceQuality "1"]

1. e4 c6 2. d4 d5 3. exd5 cxd5 4. c4 Nf6 5. Nc3 g6 6. Qb3 Bg7 7. cxd5 0-0 8. Be2 Nbd7 9. Bf3 Nb6 10. Nge2 Bf5 11. a4 a5 12. 0-0 Bd3 13. Rd1 Bc4 14. Qa3 Nbxd5 15. b3 Nxc3 16. Nxc3 Ba6 17. Bf4 Rc8 18. Rac1 Qd7 19. Be5 Rfd8 20. Qb2 Bh6 21. Rc2 Qf5 22. Bxf6 Qxf6 23. Ne4 Qf5 24. Rxc8 Rxc8 25. d5 Bg7 26. Qd2 b6 27. Qe3 Rb8 28. Rc1 Kf8 29. Qd2 Rd8 30. Ng3 Qd7 31. Qe3 Rc8 32. Rc6 Rxc6 33. dxc6 Qd4 34. Qc1 Qa1 35. Qxa1 Bxa1 36. Ne2 Be5 37. Kf1 e6 38. Ke1 Ke7 39. Kd2 Kd6 40. Nc3 Bxc3+ 41. Kxc3 Kc5 42. g3 e5 43. h4 f5 44. g4 e4 45. Bg2 Kxc6 46. Kd4 Kd6 47. gxf5 gxf5 48. f3 exf3 49. Bxf3 Bc8 50. Bd1 Be6 51. Bc2 h6 52. Bd1 Bd5 53. Be2 Bxb3 0-1

[Event "Suwalki Warakomska Memorial 5th"]
[Site "Suwalki"]
[Date "2021.08.03"]
[Round "9"]
[White "Golecki, Jan"]
[Black "Lukasiewicz, Krzysztof"]
[Result "0-1"]
[WhiteElo "2161"]
[BlackElo "2359"]
[PlyCount "83"]
[EventDate "2021.07.27"]
[EventType "swiss"]
[EventRounds "9"]
[EventCountry "POL"]
[SourceTitle "EXT 2022"]
[Source "ChessBase"]
[SourceDate "2021.10.06"]
[SourceVersion "1"]
[SourceVersionDate "2021.10.06"]
[SourceQuality "1"]

1. d4 Nf6 2. c4 e6 3. Nc3 Bb4 4. e3 0-0 5. Bd3 d5 6. cxd5 exd5 7. Nf3 Re8 8. Ne5 Nbd7 9. Nxd7 Qxd7 10. 0-0 c6 11. f3 Qd8 12. a3 Bf8 13. Kh1 Be6 14. Ne2 Qd7 15. Qc2 Rac8 16. e4 dxe4 17. fxe4 c5 18. d5 c4 19. dxe6 Qxe6 20. Bxc4 Qxc4 21. Qxc4 Rxc4 22. Nc3 Nxe4 23. Nxe4 Rexe4 24. Bd2 Rc2 25. Bc3 Ree2 26. Rac1 Rxg2 27. Rxc2 Rxc2 28. Rd1 f5 29. Rd7 f4 30. Bd4 Rd2 31. b4 a5 32. h4 axb4 33. axb4 f3 34. Kg1 Bxb4 35. Rxg7+ Kf8 36. Rxb7 Rxd4 37. Kf2 Rf4 38. Rc7 Ba5 39. Rb7 Bc3 40. Rxh7 Bd4+ 41. Kf1 Rg4 42. Rg7 0-1

[Event "Suwalki Warakomska Memorial 5th"]
[Site "Suwalki"]
[Date "2021.07.31"]
[Round "6"]
[White "Lukasiewicz, Krzysztof"]
[Black "Kacprzak, Kacper"]
[Result "1/2-1/2"]
[WhiteElo "2359"]
[BlackElo "2075"]
[PlyCount "78"]
[EventDate "2021.07.27"]
[EventType "swiss"]
[EventRounds "9"]
[EventCountry "POL"]
[SourceTitle "CBM 203 Extra"]
[Source "ChessBase"]
[SourceDate "2021.09.30"]
[SourceVersion "1"]
[SourceVersionDate "2021.09.30"]
[SourceQuality "1"]

1. d4 Nf6 2. Nf3 d5 3. c4 e6 4. Nc3 Bb4 5. Bg5 Nbd7 6. cxd5 exd5 7. Qb3 Bxc3+ 8. Qxc3 0-0 9. e3 c6 10. Bd3 Re8 11. 0-0-0 a5 12. Kb1 a4 13. Qc2 Qa5 14. a3 Ne4 15. Bh4 c5 16. Ng5 Nxg5 17. Bxg5 h6 18. Bf4 c4 19. Be2 Nf6 20. f3 b5 21. g4 b4 22. Ka1 Ba6 23. h4 c3 24. axb4 Qxb4 25. Bxa6 cxb2+ 26. Qxb2 Qxb2+ 27. Kxb2 Rxa6 28. Ka2 h5 29. g5 Nd7 30. Rc1 Nf8 31. Rc3 Ng6 32. Bg3 Rae6 33. Bf2 Ne7 34. Rc5 g6 35. Rhc1 Nf5 36. Rxd5 Nxe3 37. Re5 Rxe5 38. dxe5 Rxe5 39. Rc8+ Kh7 1/2-1/2